Datum a čas kvízu
36.5
Celkem bodů
Celkový počet nahraných bodů na tomto kvízu bez doplňovacích otázek.
6.
Pořadí na kvízu
Konečné umístění týmu na tomto kvízu.
Zaznamenané odpovědi
| # | Otázka | Odpověď | Body | Výsledky |
|---|---|---|---|---|
| 1. | Krajský soud v Praze v pátek... | Metrostav | 1 | |
| 2. | Velká Británie minulý týden de... | po 47 letech (42–52) | 1 | |
| 3. | V pražském Divadle Archa se v... | Kolja | 1 | |
| 4. | Internetovým světem hýbe skand... | Avast | 0 | |
| 5. | Opora pražské Slavie Tomáš Sou... | West Ham United | 1 | |
| 6. | Co všechno může být ztracené?... | Jantarová komnata | 1 | |
| 7. | Vzpomenete si na seriál Ztrace... | lední medvěd | 1 | |
| 8. | "Ne každé zlato třpytívá se, n... | Bilbo Pytlík | 0 | |
| 9. | Jak se jmenuje rozsáhlá epická... | Ztracený ráj (Paradise Lost) | 0 | |
| 10. | Jako Zázrak v Andách se někdy... | ragby | 0 |